| 000 | 00959nam0a22002411 4500 | ||
|---|---|---|---|
| 001 | rc\2732619 | ||
| 005 | 20260408005121.0 | ||
| 035 | _a(NLR Aleph) 006859970 | ||
| 090 |
_a6837136 _c6837136 |
||
| 100 | _a20110915d1937 |||y0rusy50 ca | ||
| 101 | 0 | _arus | |
| 102 | _aRU | ||
| 105 | _ay z ||||| | ||
| 200 | 1 |
_aСостояние и очередные задачи преподавания арифметики в начальной школе _eИтоги 1936/37 учеб. года _fУпр. начальной школы НКП РСФСР |
|
| 210 |
_a[Москва] _cНаркомпрос РСФСР _d1937 _g18 тип. треста "Полиграфкнига" |
||
| 215 |
_aОбл., 52 с. _d22х14 см. |
||
| 712 | 0 | 1 |
_aРСФСР _bУправление начальной школы _3RU\NLR\AUTH\8810169953 _9835720 |
| 801 | 0 |
_aRU _bNLR _gpsbo |
|
| 801 | 1 |
_aRU _bELAR _2rusmarc |
|
| 852 |
_aNLR _j37-10/2495 |
||
| 942 | _cBOOK | ||
| 980 | _aNB | ||